| 000 | 00639nam a2200205 i 4500 | ||
|---|---|---|---|
| 001 | 47606 | ||
| 003 | ES-MaACL | ||
| 005 | 20251122063113.0 | ||
| 007 | t| | ||
| 008 | 030507s1963 ag ||||1| spa d | ||
| 080 | _a821.134.2(82).08 | ||
| 100 | 1 |
_aBorges, Jorge Luis, _d1899-1986 _9242526 |
|
| 245 | 1 | 3 |
_aEl lenguaje de Buenos Aires / _cJorge Luis Borges, José Edmundo Clemente. |
| 260 |
_aBuenos Aires : _bEmecé, _c[1963] |
||
| 300 |
_a102 p. ; _c19 cm. |
||
| 650 | 1 | 4 |
_aLengua española- _zArgentina. _914124 |
| 700 | 1 |
_aClemente, José Edmundo. _939195 |
|
| 852 |
_aES-MaACL _jA-2098 _bR.132303 |
||
| 999 |
_c47606 _d47606 |
||